| Registos Bibliográficos associados ao registo de autoridade |
|
Etiqueta de registo: 00254nam 2200025 450 001 2281879 003 http://id.bnportugal.gov.pt/bib/catbnp/2281879 100 ## $a20260319d2025 k y0pory01030103ba 101 0# $aeng$dpor 102 ## $aPT 105 ## $aa m 000yy 106 ## $ar 200 1# $aPURI-PRO (Portuguese URinary Incontinence PROject)$esymptom impact and eHealth intervention for midde-aged women with urinary incontinence$fMarta Monteiro da Silva Gonçalves Porto$gsupervisor Filipa Pimenta, João Marôco, Teresa Mascarenhas 210 #9 $aLisboa$c[s.n.],$d2025 215 ## $aXXXIX, 527 p.$cil.$d30 cm 328 #1 $aTese dout. Psychology (Health Psychology), ISPA - Instituto Universitário, 2025 675 ## $a159.9.072(043)$vBN$zpor$31247900 675 ## $a616.62-008.2-055.2(043)$vBN$zpor$31225459 700 #1 $aPorto,$bMarta Monteiro da Silva Gonçalves,$f1986-$31992567 702 #1 $aPimenta,$bFilipa$4727$31320642 702 #1 $aMarôco,$bJoão,$f1969-$4727$31164079 702 #1 $aMascarenhas,$bTeresa$4727$31362684 801 #0 $aPT$bBN$gRPC 856 40 $2Cópia digital disponível no Repositório do ISPA - Instituto Universitário$uhttp://hdl.handle.net/10400.12/13923 966 ## $lBN$mFGMON$sS.A. 193457 V.$x1 971 ## $cssilva$d20260319 973 ## $csteixeira$d20260406 975 ## $e0$d20260423$viquintas
|
|
|